| 000 | 01635cam a22003135a 4500 | ||
|---|---|---|---|
| 001 | 18400151 | ||
| 005 | 20161020113326.0 | ||
| 008 | 141205s2015 iaua frb 001 0 eng d | ||
| 020 | _a9781119949855 (cloth) | ||
| 040 |
_aEG-ScBUE _beng _cEG-ScBUE _dEG-ScBUE |
||
| 082 | 0 | 4 |
_a617.522 _222 _bATL |
| 130 | 0 | _aColor atlas of temporomandibular joint surgery. | |
| 245 | 1 | 0 |
_aAtlas of temporomandibular joint surgery / _ceditors Peter D. Quinn, Eric J. Granquist. |
| 250 | _a2nd ed. | ||
| 260 |
_aAmes : _bJohn Wiley & Sons Inc., _c2015. |
||
| 300 |
_axiii, 252 p. : _bill. ; _c25 cm. |
||
| 500 | _aPreceded by Color atlas of temporomandibular joint surgery / Peter D. Quinn. c1998. | ||
| 500 | _aIndex : p. 245-252. | ||
| 504 | _aIncludes bibliographical references. | ||
| 505 | 0 | _aSurgical decision making for temporomandibular joint surgery -- Diagnostic imaging of the temporomandibular joint -- Surgical approaches to the temporomandibular joint -- Surgery for internal derangement -- Osseous surgery of the temporomandibular joint -- Trauma -- Autogenous reconstruction of the temporomandibular joint -- Stock alloplastic reconstruction of the temporomandibular joint -- Custom alloplastic reconstruction of the temporomandibular joint -- Pathology of the temporomandibular joint -- Complications. | |
| 590 | _aSAMEH | ||
| 650 | 7 |
_aTemporomandibular Joint _xsurgery _vAtlases. _2BUEsh |
|
| 650 | 7 |
_aTemporomandibular Joint Disorders _xsurgery _vAtlases. _2BUEsh |
|
| 651 | _2BUEsh | ||
| 653 |
_bDDent _cOctober2016 |
||
| 700 | 1 |
_aQuinn, Peter D., _d1948- , _eeditor. |
|
| 700 | 1 |
_aGranquist, Eric J., _eeditor. |
|
| 942 | _2ddc | ||
| 999 |
_c22719 _d22691 |
||